Sports Quiz

Random Sports or NFL Quiz

2010 Divsion Leaders (through week 11) Quiz Stats

 Plays Quiz not verified by Sporcle

Score 0/88 Timer 15:00
0 Plays Today
Stat Player % Correct
Passing Attempts (Total)Peyton Manning
93.7%
Passing Yards (per game)Peyton Manning
93.7%
Rushing Yards (Total)Arian Foster
90.5%
Touchdowns (non-QB)Arian Foster
90.5%
Rushing Yards (Total)Adrian Peterson
88.9%
Longest RunChris Johnson
88.9%
Longest RunAdrian Peterson
88.9%
Rushing Attempts (Total)Chris Johnson
88.9%
Rushing Attempts (Total)Adrian Peterson
88.9%
Tackles (Combined Solo & Assist)Derrick Johnson
87.3%
Touchdowns (non-QB)Steve Johnson
87.3%
Touchdowns (non-QB)Calvin Johnson
87.3%
Rushing Yards (Total)LaDainian Tomlinson
82.5%
Rushing Attempts (Total)LaDainian Tomlinson
82.5%
Passing Yards (per game)Phillip Rivers
82.5%
Rushing Yards (Total)Rashard Mendenhall
81%
Passing Attempts (Total)Aaron Rodgers
81%
Passing Attempts (Total)Drew Brees
81%
Longest RunThomas Jones
81%
Rushing Attempts (Total)Rashard Mendenhall
81%
Rushing Attempts (Total)Thomas Jones
81%
Passing Yards (per game)Aaron Rodgers
81%
Passing Yards (per game)Drew Brees
81%
Passing Attempts (Total)Carson Palmer
79.4%
Passing Attempts (Total)Mark Sanchez
79.4%
Rushing Yards (Total)Steven Jackson
79.4%
Longest CatchDeSean Jackson
79.4%
Rushing Attempts (Total)Steven Jackson
79.4%
Passing Attempts (Total)Kyle Orton
77.8%
Rushing Yards (Total)Ahmad Bradshaw
77.8%
Stat Player % Correct
Rushing Attempts (Total)Ahmad Bradshaw
77.8%
Passing Attempts (Total)Donovan McNabb
76.2%
Rushing Yards (Total)Michael Turner
74.6%
Rushing Attempts (Total)Michael Turner
74.6%
Passing Yards (per game)Matt Hasselbeck
74.6%
Passing Yards (per game)Ben Roethlisberger
73%
ReceptionsCalvin Johnson
71.4%
Longest CatchMike Williams
69.8%
InterceptionsAlphonso Smith
69.8%
Rushing Yards (Total)Darren McFadden
68.3%
Touchdowns (non-QB)Frank Gore/Larry Fitzgerald
63.5%
Longest RunLeSean McCoy
63.5%
Longest CatchTerrell Owens
61.9%
ReceptionsTerrell Owens
61.9%
SacksClay Matthews
61.9%
Passing Yards (per game)Tony Romo
60.3%
Touchdowns (non-QB)Roddy White
57.1%
InterceptionsLeon Hall/Ed Reed
57.1%
Passing Yards (per game)Ryan Fitzpatrick
57.1%
Tackles (Combined Solo & Assist)Patrick Willis
55.6%
Longest CatchBrandon Lloyd
55.6%
Touchdowns (non-QB)Peyton Hillis
55.6%
ReceptionsBrandon Lloyd
55.6%
ReceptionsReggie Wayne
54%
SacksJames Harrison
52.4%
Passing Attempts (Total)Matt Hasselbeck
50.8%
Tackles (Combined Solo & Assist)James Anderson
50.8%
ReceptionsHakeem Nicks
49.2%
ReceptionsRoddy White
49.2%
Longest CatchBraylon Edwards
47.6%
Stat Player % Correct
Touchdowns (non-QB)Dwayne Bowe
47.6%
Touchdowns (non-QB)Hakeem Nicks
47.6%
ReceptionsBrandon Marshall
47.6%
Tackles (Combined Solo & Assist)Jarod Mayo
46%
InterceptionsEarl Thomas
46%
Longest RunRonnie Brown
46%
InterceptionsAsante Samuel
42.9%
SacksJames Hall/Chris Clemons
41.3%
SacksDeMarcus Ware
38.1%
Longest CatchMatt Forte
34.9%
Longest CatchKenny Britt
31.7%
Tackles (Combined Solo & Assist)London Fletcher
25.4%
ReceptionsDanny Amendola
22.2%
SacksCameron Wake
20.6%
Tackles (Combined Solo & Assist)Chad Greenway
19%
Longest RunTim Hightower
19%
Tackles (Combined Solo & Assist)Lawrence Timmons
17.5%
Longest CatchDavid Gettis
17.5%
InterceptionsAqib Talib
17.5%
InterceptionsDevin McCourty
14.3%
SacksShaun Phillips
14.3%
Tackles (Combined Solo & Assist)Stephen Tulloch
12.7%
InterceptionsAntoine Cason
11.1%
SacksJohn Abraham
11.1%
InterceptionsMichael Griffin
7.9%
Longest RunEarnest Graham
6.3%
SacksJason Babin
6.3%
Longest RunReggie Hodges
4.8%

You're not logged in!

Compare scores with friends on all Sporcle quizzes.
OR
Log In

Show Comments

Extras

Top Quizzes Today


Score Distribution

Your Account Isn't Verified!

In order to create a playlist on Sporcle, you need to verify the email address you used during registration. Go to your Sporcle Settings to finish the process.

Report this User

Report this user for behavior that violates our Community Guidelines.

Details: